The Nigerian accountant: the official journal of the Association of Accountants in Nigeria. (Record no. 38707)

MARC details
000 -LEADER
fixed length control field 00612nam a2200169Ia 4500
022 ## - INTERNATIONAL STANDARD SERIAL NUMBER
ISSN 00480371
050 ## - CALL MARK
Classification number HF 5601.N62/
245 #4 - TITLE STATEMENT
Title The Nigerian accountant: the official journal of the Association of Accountants in Nigeria.
260 ## - PUBLICATION, DISTRIBUTION, ETC. (IMPRINT)
Place of publication Ebute Metta, Lagos State.
260 ## - PUBLICATION, DISTRIBUTION, ETC. (IMPRINT)
Name of publisher Global Rights
260 ## - PUBLICATION, DISTRIBUTION, ETC. (IMPRINT)
Year of publication 2001
300 ## - PHYSICAL DESCRIPTION
Number of Pages 64 p. : ill. ; 30 cm.
650 ## - SUBJECT ADDED ENTRY--TOPICAL TERM
Topical Term Association of Accountants in Nigeria--Periodicals. Institute of Chartered Accountants of Nigeria--Periodicals. Accounting--Nigeria--Periodicals.
942 ## - ADDED ENTRY ELEMENTS (KOHA)
Koha item type Serials

No items available.